Obras escogidas

Збережено в:
Бібліографічні деталі
Автор: Pirandello, Luigi (Автор)
Формат: Книга
Мова:Іспанська
Опубліковано: Madrid Aguilar 1965
Редагування:7a. ed
Серія:Biblioteca Premios Nobel
Предмети:
Теги: Додати тег
Немає тегів, Будьте першим, хто поставить тег для цього запису!

MARC

LEADER 00000nam a2200000 a 4500
001 UCZ5858
003 CL-VaPUC
008 951124e19650000SP |||||||||||||||||spa|d
082 0 4 |a 852  |b PIR  |2 21 
100 0 |a Pirandello, Luigi  |e author  |9 338032 
245 1 0 |a Obras escogidas 
250 |a 7a. ed 
300 |a v 
942 |c BK 
945 |d 19951124 00:00:00  |a lriquelm 
260 |a Madrid  |b Aguilar  |c 1965 
500 |a v.1: Seis personajes en busca de autor. Enrique IV. La vida que te di. El difunto Matías Pascal. Uno, ninguno y cien mil. Cuentos. Ensayos 
650 0 |a Novela italiana  |9 265740 
650 0 |a Literatura italiana  |9 266970 
650 0 |a Antologías  |9 309836 
583 |a last modification  |c 19951124 00:00:00  |k Rodrigo Vera 
490 0 |a Biblioteca Premios Nobel 
999 |c 242145  |d 242143 
952 |0 0  |1 0  |4 0  |6 852_000000000000000_PIR_1965  |7 0  |8 P  |9 254899  |a BIBEDU  |b BIBEDU  |c BIBEDU_PB  |d 2019-11-19  |h v.1  |i 1577956  |o 852 PIR 1965  |p 1577956  |r 2024-01-25  |w 2019-11-19  |y BK  |k FIL